| 000 | 00704nam a2200193Ia 4500 | ||
|---|---|---|---|
| 008 | 151121s9999||||xx |||||||||||||| ||und|| | ||
| 082 | _a927/तोरड | ||
| 082 | _bHNW-58345 | ||
| 100 | _aतोरडमल मधुकर | ||
| 245 | _aएक सम्राज्ञी:एक सम्राट | ||
| 260 | _b"मॅजेस्टिक प्रकाशन,मुंबई।" | ||
| 260 | _c-- | ||
| 300 | _a264 | ||
| 600 | _aतोरडमल मधुकर | ||
| 630 | _aएक सम्राज्ञी:एक सम्राट | ||
| 700 | _aतोरडमल मधुकर | ||
| 730 | _aएक सम्राज्ञी:एक सम्राट | ||
| 942 | _cBOOK | ||
| 999 |
_c1240221 _d1240218 |
||